000 01204nam a2200253 i 4500
001 180140
003 ES-MaACL
005 20251220171944.0
008 120424s1956 sp |||| | spa d
080 _a510.223
100 1 _aHadamard, Jacques.
_961401
245 1 4 _aLas definiciones axiomáticas en las matemáticas /
_cJacques Hadamard, Alexandr D. Alexandrov.
260 _aMéxico :
_bUniversidad Nacional de México,
_c1956.
300 _a21 p. ;
_c22 cm.
490 1 _aSeminario de Problemas Científicos y Filosóficos. Suplementos ;
_v6
505 8 _aContiene: ;
_tLa geometría no euclidiana y las definiciones axiomáticas /
_rJ. Hadamard. --
_tSobre la imposibilidad de demostrar la compatibilidad de los axiomas de la aritmética /
_rJ. Hadamard. --
_tEl idealismo de la teoría de los conjuntos /
_rA.D. Alexandrov
650 4 _aAxiomas.
_9141149
650 7 _aLógica matemática
_2embne
_914697
700 1 _aAleksandrov, Aleksandr Danilovich.
_9149867
710 2 _aUniversidad Nacional Autónoma de México.
_97397
830 0 _aSeminario de Problemas Científicos y Filosóficos. Suplementos
_v6
_9190619
852 _aES-MaACL
_j2297-F-5
999 _c180140
_d180140